[Event "Krakow op-B 33rd"]
[Site "Krakow"]
[Date "2022.12.27"]
[Round "1"]
[White "Swider, Pawel"]
[Black "Luba, Lukasz"]
[Result "0-1"]
[WhiteElo "1935"]
[BlackElo "2092"]
[PlyCount "58"]
[EventDate "2022.12.27"]
[EventType "swiss"]
[EventRounds "9"]
[EventCountry "POL"]
[SourceTitle "CBM 212 Extra"]
[Source "ChessBase"]
[SourceDate "2023.03.31"]
[SourceVersion "1"]
[SourceVersionDate "2023.03.31"]
[SourceQuality "1"]

1. d4 d5 2. c4 c6 3. Nf3 Nf6 4. e3 g6 5. b3 Ne4 6. Bb2 Bf5 7. Be2 h5 8. 0-0 h4 9. Nbd2 Nd7 10. Nxe4 dxe4 11. Ne5 Bg7 12. f4 exf3 13. Nxf3 Qc7 14. Bd3 Bg4 15. Qc2 Bh6 16. Rae1 0-0-0 17. e4 Bf4 18. h3 Bh5 19. e5 Nf8 20. Re4 Ne6 21. Kh1 g5 22. Nxh4 Bg4 23. Rexf4 gxf4 24. Qf2 Rdg8 25. d5 f3 26. dxe6 fxg2+ 27. Qxg2 Bxe6 28. Qe4 Qd7 29. Bc3 Bd5 0-1

[Event "POL-chT 2nd League"]
[Site "Jastrzebia Gora"]
[Date "2022.09.10"]
[Round "8.76"]
[White "Swider, Pawel"]
[Black "Wozniak, Marcin2222"]
[Result "1-0"]
[WhiteElo "1920"]
[BlackElo "1821"]
[PlyCount "75"]
[EventDate "2022.09.03"]
[EventType "team-swiss"]
[EventRounds "9"]
[EventCountry "POL"]
[SourceTitle "CBM 210 Extra"]
[Source "ChessBase"]
[SourceDate "2022.11.30"]
[SourceVersion "1"]
[SourceVersionDate "2022.11.30"]
[SourceQuality "1"]
[WhiteTeam "Krakow AGH"]
[BlackTeam "Rzeszow Szachownica"]
[WhiteTeamCountry "POL"]
[BlackTeamCountry "POL"]

1. d4 Nf6 2. c4 c5 3. d5 b5 4. cxb5 a6 5. bxa6 Bxa6 6. Nc3 g6 7. g3 d6 8. Bg2 Nbd7 9. Nf3 Bg7 10. 0-0 0-0 11. Qc2 Ng4 12. Rb1 Qc7 13. h3 Nge5 14. Nxe5 Nxe5 15. b3 Rfb8 16. Bd2 Ra7 17. Rfc1 Qc8 18. f4 Nd7 19. Kh2 e5 20. dxe6 fxe6 21. e4 Nb6 22. a4 Qd7 23. Be3 Rc7 24. Rd1 Qe7 25. Qd2 Nc8 26. f5 Qf6 27. Ne2 gxf5 28. exf5 Qxf5 29. Nf4 Kh8 30. Bf3 Bb7 31. Bg4 Qe4 32. Nxe6 Re7 33. Nxg7 Rxg7 34. Bh6 d5 35. Bxg7+ Kxg7 36. Qg5+ Kh8 37. Qf6+ Kg8 38. Be6+ 1-0

[Event "POL-chT 2nd League"]
[Site "Jastrzebia Gora"]
[Date "2022.09.09"]
[Round "7.100"]
[White "Paprocki, Artur"]
[Black "Swider, Pawel"]
[Result "0-1"]
[WhiteElo "1800"]
[BlackElo "1920"]
[PlyCount "66"]
[EventDate "2022.09.03"]
[EventType "team-swiss"]
[EventRounds "9"]
[EventCountry "POL"]
[SourceTitle "CBM 210 Extra"]
[Source "ChessBase"]
[SourceDate "2022.11.30"]
[SourceVersion "1"]
[SourceVersionDate "2022.11.30"]
[SourceQuality "1"]
[WhiteTeam "Olesnica Pogon"]
[BlackTeam "Krakow AGH"]
[WhiteTeamCountry "POL"]
[BlackTeamCountry "POL"]

1. d4 d5 2. c4 c6 3. Nc3 Nf6 4. e3 a6 5. Nf3 Bf5 6. Bd2 e6 7. Nh4 Bg6 8. Nxg6 hxg6 9. Qb3 Qc7 10. cxd5 exd5 11. Be2 Nbd7 12. h3 Bd6 13. 0-0-0 b5 14. Kb1 Nb6 15. Bd3 0-0 16. e4 Bf4 17. Be1 dxe4 18. Nxe4 Nbd5 19. g3 Bh6 20. Nc5 a5 21. Bd2 Bxd2 22. Rxd2 a4 23. Qd1 a3 24. Qb3 Qa5 25. Rc2 axb2 26. Rxb2 Nc3+ 27. Ka1 Ra7 28. Rc1 Nfd5 29. Ne4 b4 30. Nxc3 Nxc3 31. Bc4 Rfa8 32. Qxb4 Qxb4 33. Rxb4 Rxa2+ 0-1

[Event "POL-chT Academic"]
[Site "Chorzow"]
[Date "2022.04.03"]
[Round "8.23"]
[White "Swider, Pawel"]
[Black "Kabzinski, Jan"]
[Result "1-0"]
[WhiteElo "1803"]
[BlackElo "1426"]
[PlyCount "83"]
[EventDate "2022.04.02"]
[EventType "team-swiss (rapid)"]
[EventRounds "9"]
[EventCountry "POL"]
[SourceTitle "EXT 2024"]
[Source "ChessBase"]
[SourceDate "2023.10.10"]
[SourceVersion "1"]
[SourceVersionDate "2023.10.10"]
[SourceQuality "1"]

1. d4 Nf6 2. Nf3 e6 3. c4 b6 4. g3 Ba6 5. Qc2 c5 6. Bg2 Bb7 7. e3 cxd4 8. exd4 Be7 9. 0-0 0-0 10. Nbd2 d5 11. b3 Nc6 12. Bb2 Rc8 13. a3 dxc4 14. bxc4 Qc7 15. Rac1 Rfd8 16. Rfd1 h6 17. Qa4 Qb8 18. h3 Kf8 19. Nf1 Qa8 20. Ne3 Na5 21. Ne5 Bxg2 22. Nxg2 Nc6 23. Nxc6 Qxc6 24. Qxc6 Rxc6 25. Ne3 Rd7 26. Kg2 Rdc7 27. Rc2 Rd7 28. Kf3 Rdc7 29. Rdc1 Ke8 30. a4 Kd7 31. g4 Ne8 32. d5 exd5 33. Nxd5 Rc8 34. Rd1 Bd6 35. Ne3 Ke7 36. Nf5+ Kf8 37. Rcd2 Bc5 38. Rd8 R6c7 39. Bxg7+ Kg8 40. Bxh6 Kh7 41. Bf4 Rxd8 42. Rxd8 1-0

[Event "POL-chT Academic"]
[Site "Chorzow"]
[Date "2022.04.02"]
[Round "4.17"]
[White "Zamarska, Sylwia"]
[Black "Swider, Pawel"]
[Result "0-1"]
[WhiteElo "1482"]
[BlackElo "1803"]
[PlyCount "108"]
[EventDate "2022.04.02"]
[EventType "team-swiss (rapid)"]
[EventRounds "9"]
[EventCountry "POL"]
[SourceTitle "EXT 2024"]
[Source "ChessBase"]
[SourceDate "2023.10.10"]
[SourceVersion "1"]
[SourceVersionDate "2023.10.10"]
[SourceQuality "1"]

1. d4 d5 2. Bf4 Nf6 3. e3 c6 4. Nf3 Bf5 5. c4 e6 6. Qb3 Qb6 7. c5 Qxb3 8. axb3 Bxb1 9. Rxb1 Nbd7 10. h3 a6 11. b4 Be7 12. Nd2 0-0 13. Nb3 Rfc8 14. Na5 b6 15. Nb3 a5 16. bxa5 bxc5 17. dxc5 e5 18. Bg3 Rcb8 19. Nd2 Rxa5 20. b4 Ra4 21. Nf3 Raxb4 22. Rxb4 Rxb4 23. Nxe5 Nxe5 24. Bxe5 Rb1+ 25. Ke2 Ne4 26. f3 Nxc5 27. g4 Nd7 28. Bc3 Bf6 29. Kd2 Bxc3+ 30. Kxc3 Kf8 31. Bg2 Rxh1 32. Bxh1 Ke7 33. f4 Kd6 34. Kd4 c5+ 35. Kc3 h6 36. Bf3 Nb8 37. Be2 f6 38. h4 Nc6 39. Bf1 d4+ 40. exd4 Nxd4 41. Kc4 Ne6 42. f5 Nd4 43. Bg2 Nc6 44. Bh1 Ne5+ 45. Kc3 Nxg4 46. Be4 Ne5 47. Bb1 Nf3 48. h5 Ke5 49. Bc2 Nd4 50. Bd3 Nxf5 51. Kc4 Ng3 52. Bg6 f5 53. Kxc5 f4 54. Kc4 f3 0-1

[Event "POL-ch Academic"]
[Site "Chorzow"]
[Date "2022.04.01"]
[Round "5"]
[White "Kanarkiewicz, Michal"]
[Black "Swider, Pawel"]
[Result "1/2-1/2"]
[WhiteElo "2117"]
[BlackElo "1803"]
[PlyCount "91"]
[EventDate "2022.04.01"]
[EventType "swiss (rapid)"]
[EventRounds "9"]
[EventCountry "POL"]
[SourceTitle "EXT 2024"]
[Source "ChessBase"]
[SourceDate "2023.10.10"]
[SourceVersion "1"]
[SourceVersionDate "2023.10.10"]
[SourceQuality "1"]

1. e4 c6 2. d4 d5 3. f3 e6 4. Nc3 Nd7 5. Nge2 Bb4 6. Be3 Ne7 7. Qd2 b6 8. a3 Bd6 9. e5 Bc7 10. f4 Bb7 11. Ng3 g6 12. Bd3 c5 13. Nb5 a6 14. Nxc7+ Qxc7 15. c3 0-0-0 16. a4 Kb8 17. Qf2 Rc8 18. 0-0 h5 19. Rfc1 h4 20. Nf1 Nf5 21. Bd2 Ka7 22. Ne3 Nxe3 23. Bxe3 c4 24. Bc2 Rcg8 25. b3 a5 26. Rab1 Ba6 27. b4 Rb8 28. Rb2 Bb7 29. Rcb1 Bc6 30. Ra2 Qd8 31. Bc1 Qf8 32. Ba3 Qh6 33. Rab2 Qh5 34. bxa5 bxa5 35. Bd6 Rxb2 36. Rxb2 Rg8 37. Rb1 Ka6 38. Bd1 Qf5 39. Bc2 Qh5 40. Bc7 Rc8 41. Bd6 Rg8 42. Be7 h3 43. g3 Rb8 44. Rxb8 Nxb8 45. Bd6 Nd7 46. Bc7 1/2-1/2

[Event "Malopolska Region-chB"]
[Site "Krakow"]
[Date "2021.06.03"]
[Round "1"]
[White "Swider, Pawel"]
[Black "Kozlowski, Franciszek"]
[Result "1/2-1/2"]
[WhiteElo "1953"]
[BlackElo "1403"]
[PlyCount "36"]
[EventDate "2021.06.03"]
[EventType "swiss"]
[EventRounds "7"]
[EventCountry "POL"]
[SourceTitle "EXT 2023"]
[Source "ChessBase"]
[SourceDate "2022.10.05"]
[SourceVersion "1"]
[SourceVersionDate "2022.10.05"]
[SourceQuality "1"]

1. d4 Nf6 2. c4 e6 3. Nf3 d5 4. g3 Be7 5. Bg2 0-0 6. 0-0 b6 7. Qc2 Bb7 8. Rd1 Nbd7 9. a4 Rc8 10. Nc3 c5 11. cxd5 Nxd5 12. e4 Nb4 13. Qb1 cxd4 14. Nxd4 a6 15. Be3 Qc7 16. a5 Rfd8 17. axb6 Nxb6 18. Rc1 Nc4 1/2-1/2

[Event "Krakow op-B 31st"]
[Site "Krakow"]
[Date "2021.01.04"]
[Round "9"]
[White "Swider, Pawel"]
[Black "Lochte, Thomas"]
[Result "1-0"]
[WhiteElo "1893"]
[BlackElo "2076"]
[PlyCount "85"]
[EventDate "2020.12.27"]
[EventType "swiss"]
[EventRounds "9"]
[EventCountry "POL"]
[SourceTitle "CBM 200 Extra"]
[Source "ChessBase"]
[SourceDate "2021.03.31"]
[SourceVersion "1"]
[SourceVersionDate "2021.03.31"]
[SourceQuality "1"]

1. d4 Nf6 2. c4 c5 3. Nf3 cxd4 4. Nxd4 e5 5. Nb5 d5 6. cxd5 Bc5 7. e3 0-0 8. N5c3 a6 9. Be2 b5 10. Nd2 Bb7 11. e4 Nbd7 12. 0-0 Bd4 13. Bf3 Rc8 14. Ne2 Ba7 15. Nb3 a5 16. a4 b4 17. Ng3 Nc5 18. Nxc5 Bxc5 19. Bg5 h6 20. Bxf6 Qxf6 21. Rc1 Bd4 22. b3 Rxc1 23. Qxc1 Rc8 24. Qb1 Ba6 25. Be2 Bxe2 26. Nxe2 Qb6 27. g3 Kf8 28. Kg2 Qa6 29. Rc1 Rxc1 30. Nxc1 Qc8 31. Ne2 Qc5 32. f3 Ke7 33. Qd3 Bc3 34. f4 Be1 35. Qf3 f6 36. fxe5 fxe5 37. Qf5 Qe3 38. Qxe5+ Kd8 39. Qd6+ Kc8 40. Qf8+ Kb7 41. Qxg7+ Ka6 42. Qf6+ Kb7 43. Qf3 1-0

[Event "Krakow op-B 31st"]
[Site "Krakow"]
[Date "2020.12.27"]
[Round "1"]
[White "Kindler, Przemyslaw"]
[Black "Swider, Pawel"]
[Result "0-1"]
[WhiteElo "2096"]
[BlackElo "1893"]
[PlyCount "90"]
[EventDate "2020.12.27"]
[EventType "swiss"]
[EventRounds "9"]
[EventCountry "POL"]
[SourceTitle "CBM 200 Extra"]
[Source "ChessBase"]
[SourceDate "2021.03.31"]
[SourceVersion "1"]
[SourceVersionDate "2021.03.31"]
[SourceQuality "1"]

1. e4 c6 2. d4 d5 3. Nd2 dxe4 4. Nxe4 Bf5 5. Ng3 Bg6 6. f4 e6 7. Nf3 Bd6 8. Bd3 Ne7 9. 0-0 Nd7 10. c4 Nf6 11. Kh1 0-0 12. Ne5 Bxd3 13. Nxd3 b5 14. b3 Rc8 15. Bb2 Nf5 16. Rf3 bxc4 17. bxc4 Be7 18. Ne5 Qb6 19. Nxf5 exf5 20. Qc2 g6 21. Re1 Rfe8 22. Rfe3 Ne4 23. c5 Qc7 24. Qc4 Bf6 25. Kg1 Rb8 26. Bc3 Bxe5 27. dxe5 Rb5 28. Bd4 Qa5 29. a3 Re6 30. Rd1 Nxc5 31. Bc3 Qb6 32. a4 Nxa4 33. Bd4 Nb2 34. Qa2 c5 35. Bxb2 Rxb2 36. Qd5 c4 37. Qd8+ Kg7 38. Rd4 Qxd8 39. Rxd8 Ra6 40. h3 Raa2 41. Rd7 Rxg2+ 42. Kh1 Rgd2 43. Rxd2 Rxd2 44. e6 fxe6 45. Rxe6 c3 0-1

[Event "Krakow op-B 30th"]
[Site "Krakow"]
[Date "2019.12.29"]
[Round "3"]
[White "Swider, Pawel"]
[Black "Swiderski, Radoslaw"]
[Result "1-0"]
[WhiteElo "1803"]
[BlackElo "2013"]
[PlyCount "61"]
[EventDate "2019.12.27"]
[EventType "swiss"]
[EventRounds "9"]
[EventCountry "POL"]
[SourceTitle "CBM 195 Extra"]
[Source "ChessBase"]
[SourceDate "2020.05.31"]
[SourceVersion "1"]
[SourceVersionDate "2020.05.31"]
[SourceQuality "1"]

1. d4 Nf6 2. Nf3 c5 3. c4 cxd4 4. Nxd4 Nc6 5. Nc3 d6 6. e4 g6 7. Be2 Bg7 8. Be3 0-0 9. 0-0 Nxd4 10. Bxd4 Be6 11. b3 Rc8 12. Rc1 Qa5 13. f4 a6 14. Qd3 Nd7 15. f5 Nc5 16. Qe3 Bd7 17. b4 Bxd4 18. Qxd4 e5 19. Qxc5 Rxc5 20. bxa5 Bc6 21. fxg6 fxg6 22. Rcd1 Rxf1+ 23. Kxf1 Rxa5 24. Rxd6 Ra3 25. Rd3 b5 26. cxb5 axb5 27. Nxb5 Rxa2 28. Nd6 Ra4 29. Rc3 Bd7 30. Rc7 Be6 31. Re7 1-0

[Event "POL-chT U19 2nd League"]
[Site "Szczyrk"]
[Date "2014.07.29"]
[Round "7.39"]
[White "Urbanski, Wojciech"]
[Black "Swider, Pawel"]
[Result "0-1"]
[WhiteElo "1512"]
[BlackElo "1400"]
[PlyCount "140"]
[EventDate "2014.07.25"]
[EventType "team-swiss"]
[EventRounds "11"]
[EventCountry "POL"]
[SourceTitle "EXT 2015"]
[Source "ChessBase"]
[SourceDate "2014.11.20"]
[SourceVersion "1"]
[SourceVersionDate "2014.11.20"]
[SourceQuality "1"]
[WhiteTeam "Krakow Wisla U19"]
[BlackTeam "Gorlice GKSz Kornuty U19"]
[WhiteTeamCountry "POL"]
[BlackTeamCountry "POL"]

1. e4 e5 2. Nf3 Nc6 3. Bb5 a6 4. Ba4 Nf6 5. d3 d6 6. c3 Be7 7. Bg5 h6 8. Be3 0-0 9. Nbd2 b5 10. Bc2 Bb7 11. a3 Qd7 12. 0-0 Rfe8 13. Nh4 Ng4 14. Nf5 Nxe3 15. Nxe7+ Nxe7 16. fxe3 Rf8 17. Bb3 c5 18. Rf2 d5 19. exd5 Bxd5 20. Bc2 f5 21. Nf3 Ng6 22. Qd2 Qb7 23. Rd1 Rae8 24. d4 Bxf3 25. Rxf3 cxd4 26. Rxf5 dxe3 27. Qxe3 Rxf5 28. Bxf5 Nf4 29. Be4 Qc7 30. Rc1 Qc4 31. Re1 Qa2 32. Qd2 Qe6 33. Rf1 Qb6+ 34. Qf2 Qd6 35. Bf5 Rf8 36. Qc2 Qb6+ 37. Kh1 g6 38. Be4 Kg7 39. Qd2 Qc7 40. Qf2 Qc4 41. Bc2 Rf7 42. Qe1 Qe6 43. Qe4 Rf6 44. a4 Qd5 45. Qxd5 Nxd5 46. Rxf6 Kxf6 47. axb5 axb5 48. Be4 Nc7 49. Kg1 Ne8 50. Kf2 Nd6 51. Bd3 e4 52. Be2 Ke5 53. Bg4 Nc4 54. Bd7 Nxb2 55. Bxb5 Nd1+ 56. Ke1 Nxc3 57. Be8 g5 58. g3 e3 59. h4 gxh4 60. gxh4 Kf4 61. Bg6 Kg4 62. h5 Kg3 63. Bd3 Kf3 64. Bg6 Nd5 65. Bf7 Nf4 66. Be8 Ng2+ 67. Kf1 e2+ 68. Kg1 e1Q+ 69. Kh2 Qg3+ 70. Kg1 Ne3+ 0-1